Statistics for 义务为豪大大鸡排所作个广告歌歌词 Hot Star Chicken lyrics

Click here to take the quiz!

General Stats

  • This quiz has been taken 15 times
  • The average score is 6 of 9

Answer Stats

歌词% Correct
豪大大鸡排
100%
豪大大鸡排
100%
豪大大鸡排
100%
一口咬下去
86%
汁水滴滴嗒
79%
又香又嫩人人夸
43%
味道赞得唻
36%
好大个大鸡排
21%
让侬魂也呒没
7%

Score Distribution

Percentile by Number Answered

Percent of People with Each Score

Your Score History

You have not taken this quiz